| 000 | 02708nam a22004215i 4500 | ||
|---|---|---|---|
| 001 | 978-3-031-24827-6 | ||
| 003 | DE-He213 | ||
| 005 | 20250131131500.0 | ||
| 007 | cr nn 008mamaa | ||
| 008 | 230318s2023 sz | s |||| 0|eng d | ||
| 020 |
_a9783031248276 _9978-3-031-24827-6 |
||
| 024 | 7 |
_a10.1007/978-3-031-24827-6 _2doi |
|
| 040 |
_aKO _beng |
||
| 041 | 0 | _aeng | |
| 082 | 0 | 4 |
_a621 _223 |
| 100 | 1 |
_aChatjigeorgiou, Ioannis K. _eauthor. _4aut _4http://id.loc.gov/vocabulary/relators/aut |
|
| 245 | 1 | 0 |
_aDynamic Behavior of Pipelines for Marine Applications _h[electronic resource] / _cby Ioannis K. Chatjigeorgiou. |
| 250 | _a1st ed. 2023. | ||
| 264 | 1 |
_aCham : _bSpringer International Publishing : _bImprint: Springer, _c2023. |
|
| 300 |
_aXIV, 193 p. 77 illus., 38 illus. in color. _bonline resource. |
||
| 338 | _aonline resource | ||
| 490 | 1 |
_aSynthesis Lectures on Ocean Systems Engineering, _x2692-4471 |
|
| 505 | 0 | _aIntroduction -- nonlinear dynamics of a curve in three dimensions -- distributed forces hydrodynamic loads -- inner flow models -- linear and nonlinear dynamics of pipelines -- linear and nonlinear dynamics of pipelines -- extreme loading dynamic buckling. | |
| 520 | _aThe dynamic behavior of pipelines describes the time-varying continuous response of these structures under extreme effects, that are generated by the surrounding environment (waves and sea currents) and motions imposed by the host floating facility. This book describes all known impacts that affect the behavior and operation of a pipeline conveying an inner flow for underwater applications. "Known Impacts" are those phenomena that are considered important according to practice and experience. Underwater pipelines are typical, unique structures that are attached to unique floating facilities. The design and utilization of underwater pipelines depend strongly on the installation site and the intended application's particulars. It is possible that future technology demands will require us to cope with additional challenges that will be considered important for the design and operation of underwater pipelines, leading inevitably to the enhancement of the "known challenges". | ||
| 650 | 0 | _aMechanical engineering. | |
| 650 | 0 | _aEngineering mathematics. | |
| 650 | 0 |
_aEngineering _xData processing. |
|
| 650 | 0 | _aOceanography. | |
| 650 | 1 | 4 | _aMechanical Engineering. |
| 650 | 2 | 4 | _aMathematical and Computational Engineering Applications. |
| 650 | 2 | 4 | _aOcean Sciences. |
| 830 | 0 |
_aSynthesis Lectures on Ocean Systems Engineering, _x2692-4471 |
|
| 856 | 4 | 0 | _uhttps://doi.org/10.1007/978-3-031-24827-6 |
| 904 | _aRUDRA_R | ||
| 905 | _aR_RANJAN | ||
| 942 |
_2ddc _cEB |
||
| 999 |
_c3196 _d3196 |
||